Disaster health management : (Record no. 51956)

MARC details
000 -LEADER
fixed length control field 00806nam a2200289Ia 4500
005 - DATE AND TIME OF LATEST TRANSACTION
control field 20260429112026.0
008 - FIXED-LENGTH DATA ELEMENTS--GENERAL INFORMATION
fixed length control field 260429s9999||||xx |||||||||||||| ||und||
020 ## - INTERNATIONAL STANDARD BOOK NUMBER
International Standard Book Number 9781032626611
041 ## - LANGUAGE CODE
Language English
082 ## - DEWEY DECIMAL CLASSIFICATION NUMBER
Classification number 363.348
Item number FIT
100 ## - MAIN ENTRY--PERSONAL NAME
Personal name Fitz Gerald, Gerry
245 #0 - TITLE STATEMENT
Title Disaster health management :
Remainder of title a primer for students and practitioners /
Statement of responsibility, etc Gerry Fitz Gerald
250 ## - EDITION STATEMENT
Edition statement 2nd ed.
260 ## - PUBLICATION, DISTRIBUTION, ETC. (IMPRINT)
Place of publication, distribution, etc United Kingdom :
Name of publisher, distributor, etc Routledge,
Date of publication, distribution, etc 2024.
300 ## - PHYSICAL DESCRIPTION
Extent xxx, 398 p.; hb
650 ## - SUBJECT ADDED ENTRY--TOPICAL TERM
Topical term or geographic name as entry element Disasters
650 ## - SUBJECT ADDED ENTRY--TOPICAL TERM
Topical term or geographic name as entry element Health management
650 ## - SUBJECT ADDED ENTRY--TOPICAL TERM
Topical term or geographic name as entry element Social problems
700 ## - ADDED ENTRY--PERSONAL NAME
Personal name Aitken, Peter
700 ## - ADDED ENTRY--PERSONAL NAME
Personal name Burns, Penelope
700 ## - ADDED ENTRY--PERSONAL NAME
Personal name Fredriksen, Marie
700 ## - ADDED ENTRY--PERSONAL NAME
Personal name Myers, Colin
700 ## - ADDED ENTRY--PERSONAL NAME
Personal name Pizzino, Stacey
700 ## - ADDED ENTRY--PERSONAL NAME
Personal name Ryan, Ben
700 ## - ADDED ENTRY--PERSONAL NAME
Personal name Tarrant, Mike
942 ## - ADDED ENTRY ELEMENTS (KOHA)
Koha item type Text Books
Holdings
Withdrawn status Lost status Damaged status Not for loan Collection code Home library Location Shelving location Date of Cataloging Source of acquisition Total Checkouts Full call number Barcode Date last seen Price effective from Koha item type
        Non-fiction CUTN Central Library CUTN Central Library Social Sciences 29/04/2026 Overseas Press, New Delhi - Invoice No. IN32831 on 09-02-2026   363.348 FIT 56995 29/04/2026 29/04/2026 Text Books